| 000 | 00648nam a2200181 a 4500 | ||
|---|---|---|---|
| 005 | 20210223130246.0 | ||
| 008 | 070904s2004 es r 000 0 spa d | ||
| 035 | _aUPN01000151656 | ||
| 049 | _aCG | ||
| 050 | 4 |
_aTX364 _bE2.8 |
|
| 245 | 0 | 0 |
_aEducación para la salud : _bla alimentación / _cEnrique Banet ... [et al.]. |
| 260 |
_aCaracas ; _aBarcelona, Esp. : _bLaboratorio Educativo : _bGraó, _c2004. |
||
| 300 | _a124 p. | ||
| 440 | 0 |
_aClaves para la innovación educativa ; _v25 |
|
| 650 | 4 |
_aNUTRICION - _xESTUDIO Y ENSEÑANZA - _vDISCURSOS, ENSAYOS, CONFERENCIAS, ETC. |
|
| 700 | 1 |
_aBanet Hernández, Enrique, _ecoaut. _934542 |
|
| 905 | _aLibro | ||
| 999 |
_c123792 _d123792 |
||